00319nam a2200109 a 4500008004100000050001400041100002100055245005900076260004500135300002000180350000900200120416s1968 ||||||||||||||||| || u aHM 51 Tru aTruzzi, Marcello10aSociology and everyday lifecedited by Marcello Truzzi aEnglewood CliffsbFT Prentice-Hallc1968 aix, 371p. : ill a0.00